"Año de 1801" la casa de Heros (Record no. 95392)

MARC details
000 -LEADER
campo de control de longitud fija 00610nam a2200169 i 4500
001 - NÚMERO DE CONTROL
campo de control 95392
003 - IDENTIFICADOR DE NÚMERO DE CONTROL
campo de control ES-MaACL
005 - FECHA Y HORA DE LA ÚLTIMA TRANSACCIÓN
campo de control 20230906181709.0
007 - CAMPO FIJO DE DESCRIPCIÓN FÍSICA--INFORMACIÓN GENERAL
campo de control de longitud fija t|
008 - DATOS DE LONGITUD FIJA--INFORMACIÓN GENERAL
campo de control de longitud fija 050527s1920 sp ||||1| spa d
100 1# - ENTRADA PRINCIPAL--NOMBRE DE PERSONA
Nombre de persona Llanos y Torriglia, Félix de,
Fechas asociadas al nombre 1868-1949
9 (RLIN) 72719
245 10 - MENCIÓN DEL TÍTULO
Título "Año de 1801" la casa de Heros
Resto del título : apunte histórico del edificio que fué Presidencia de Ministros en la calle de Alcalá 51 /
Mención de responsabilidad, etc. Félix de Llanos y Torriglia.
260 ## - PUBLICACIÓN, DISTRIBUCIÓN, ETC.
Lugar de publicación, distribución, etc. Madrid :
Nombre del editor, distribuidor, etc. [s.n.],
Fecha de publicación, distribución, etc. 1920 (
Fabricante Artes Gráficas Mateu)
300 ## - DESCRIPCIÓN FÍSICA
Extensión 47 p., 5 lam. ;
Dimensiones cm.
852 ## - LOCALIZACIÓN
Ubicación ES-MaACL
Número de control de estantería 1597-F-7
Holdings
Estatus retirado Estado de pérdida Estado de daño No para préstamo Colección Biblioteca de origen Biblioteca actual Ubicación en estantería Fecha de adquisición Fuente de adquisición Total de préstamos Signatura topográfica completa Código de barras Visto por última vez Precio de reemplazo Tipo de ítem Koha
        Colección de folletos Biblioteca del Ateneo de Madrid Biblioteca del Ateneo de Madrid Depósito folletos 17/01/2008     1597-F-7 1099608 23/02/2023 23/02/2023 Folleto